WW2 Quiz - Statistics

General Stats
  • This quiz has been taken 132 times
  • The average score is 5 of 8
Answer Stats
Question Answer % Correct
What year did WW2 start? 1939
89%
What year was D-Day? 1944
85%
What was the first German-Invaded Country? Poland
83%
Who was the Chancellor of Germany? Adolf Hitler
82%
Who was the ruler of Italy? Benito Mussolini
74%
What city was the most bombed in the UK? London
67%
Where did Japan bomb the US? Pearl Harbour
49%
Where did the USA nuke Japan? Nagasaki and Hiroshima
7%
No matching quizzes found
Score Distribution
Percent of People with Each Score
Percentile by Number Answered
Your Score History
You have not taken this quiz